[Event "VIE-ch"]
[Site "Hanoi"]
[Date "2024.03.12"]
[Round "3"]
[White "Nguyen, Dinh Trung"]
[Black "Nguyen, Xuan Phuong"]
[Result "1-0"]
[WhiteElo "1947"]
[BlackElo "1744"]
[PlyCount "68"]
[EventDate "2024.03.11"]
[EventType "swiss"]
[EventRounds "9"]
[EventCountry "VIE"]
[SourceTitle "CBM 219 Extra"]
[Source "ChessBase"]
[SourceDate "2024.05.31"]
[SourceVersion "1"]
[SourceVersionDate "2024.05.31"]
[SourceQuality "1"]

1. e4 e6 2. d4 d5 3. Nc3 Nf6 4. Bd3 dxe4 5. Nxe4 Be7 6. Ne2 0-0 7. 0-0 Nxe4 8. Bxe4 Nd7 9. c4 Nf6 10. Bf3 Bd6 11. Bd2 e5 12. dxe5 Bxe5 13. Bc3 Bxc3 14. Nxc3 Be6 15. c5 c6 16. Qxd8 Raxd8 17. Rfd1 Rfe8 18. b4 Kf8 19. b5 Bd5 20. Nxd5 cxd5 21. Kf1 Re7 22. Rac1 Rc7 23. Rd2 Rdc8 24. Rdc2 Ke7 25. Ke2 Nd7 26. c6 bxc6 27. Bxd5 c5 28. Bc6 Nb8 29. Rxc5 Nxc6 30. bxc6 Kd6 31. Ra5 Re7+ 32. Kf3 Rec7 33. Rc2 f6 34. Kf4 g6 1-0

[Event "Asia-ch U08"]
[Site "Al Ain"]
[Date "2023.12.16"]
[Round "3"]
[White "Hoang, Tan Vinh"]
[Black "Nguyen, Xuan Phuong"]
[Result "1/2-1/2"]
[WhiteElo "1185"]
[BlackElo "1501"]
[PlyCount "64"]
[EventDate "2023.12.14"]
[EventType "swiss"]
[EventRounds "9"]
[EventCountry "UAE"]
[SourceTitle "EXT 2025"]
[Source "ChessBase"]
[SourceDate "2024.10.14"]
[SourceVersion "1"]
[SourceVersionDate "2024.10.14"]
[SourceQuality "1"]

1. e4 e5 2. Nf3 Nf6 3. Nxe5 d6 4. Nf3 Nxe4 5. Nc3 Nxc3 6. dxc3 Be7 7. Bd3 Nc6 8. Be3 Be6 9. Qd2 0-0 10. 0-0-0 Rb8 11. h4 b5 12. Ng5 h6 13. Nxe6 fxe6 14. Qe2 Ne5 15. Bxb5 Qc8 16. Ba4 c5 17. f4 Ng6 18. Qg4 Rf6 19. c4 Qb7 20. Bb3 d5 21. cxd5 c4 22. Bd4 cxb3 23. axb3 Nf8 24. Bxf6 Bxf6 25. Qe2 exd5 26. g4 Qc7 27. Qf3 Qb6 28. g5 Be7 29. Qxd5+ Kh8 30. Rhe1 Bd8 31. Re8 Bc7 32. Rxb8 Qxb8 1/2-1/2

[Event "Asia-ch U08"]
[Site "Al Ain"]
[Date "2023.12.16"]
[Round "4"]
[White "Nguyen, Xuan Phuong"]
[Black "Nidhish, Shyamal"]
[Result "1/2-1/2"]
[WhiteElo "1501"]
[BlackElo "1384"]
[PlyCount "102"]
[EventDate "2023.12.14"]
[EventType "swiss"]
[EventRounds "9"]
[EventCountry "UAE"]
[SourceTitle "EXT 2025"]
[Source "ChessBase"]
[SourceDate "2024.10.14"]
[SourceVersion "1"]
[SourceVersionDate "2024.10.14"]
[SourceQuality "1"]

1. d4 Nf6 2. c4 e6 3. Nc3 Bb4 4. Nf3 b6 5. Qc2 Bb7 6. Bf4 0-0 7. a3 Bxc3+ 8. Qxc3 d6 9. e3 Ne4 10. Qc2 f5 11. Bd3 Nd7 12. h4 Qe7 13. 0-0-0 h6 14. Kb1 e5 15. Bh2 Qf6 16. Ka1 Rad8 17. Ka2 a6 18. Ka1 a5 19. Ka2 Kh8 20. h5 Kg8 21. Bg1 Ng5 22. Nh4 e4 23. Be2 Rfe8 24. Bh2 Nh3 25. gxh3 Qxh4 26. Bg3 Qf6 27. Rdg1 c5 28. d5 Ne5 29. Bf4 b5 30. cxb5 Bxd5+ 31. Ka1 Bf7 32. Rg3 Qe6 33. b3 Kh7 34. Rhg1 Rg8 35. Kb2 Rc8 36. Qc3 Qf6 37. Bxe5 dxe5 38. Bc4 Bxc4 39. bxc4 f4 40. exf4 Qxf4 41. Qe3 Rcd8 42. Qxf4 exf4 43. Rg4 Rd2+ 44. Kb3 Rxf2 45. b6 e3 46. b7 e2 47. Rxg7+ Rxg7 48. b8Q Rxg1 49. Qb7+ Rg7 50. Qe4+ Kh8 51. Qe8+ Kh7 1/2-1/2